Afghanistan;A role for india / (Record no. 195630)
[ view plain ]
| 000 -LEADER | |
|---|---|
| fixed length control field | 00565nam a22001817a 4500 |
| 005 - DATE AND TIME OF LATEST TRANSACTION | |
| control field | 20230410145148.0 |
| 010 ## - LCCN (DPL NO) | |
| LC control number | ENG-136650 |
| 020 ## - INTERNATIONAL STANDARD BOOK NUMBER | |
| International Standard Book Number | 9789380502526 |
| Terms of availability | 780.00 |
| 035 ## - SYSTEM CONTROL NUMBER | |
| System control number | EN-120182 |
| 037 ## - SOURCE OF ACQUISITION | |
| Source of stock number/acquisition | DBAD/PUB |
| 082 ## - DEWEY DECIMAL CLASSIFICATION NUMBER | |
| Classification number | 327.9581054 |
| 245 ## - TITLE STATEMENT | |
| Title | Afghanistan;A role for india / |
| 260 ## - PUBLICATION, DISTRIBUTION, ETC. (IMPRINT) | |
| Place of publication, distribution, etc | New Delhi |
| Name of publisher, distributor, etc | Knowledge World |
| Date of publication, distribution, etc | 2011 |
| 270 ## - ADDRESS | |
| Address | 4676/21 1st floor ansari road Daryaganj |
| City | New Delhi-110002 |
| 300 ## - PHYSICAL DESCRIPTION | |
| Extent | 192p.; |
| Dimensions | 25cm(hbk) |
| 700 ## - ADDED ENTRY--PERSONAL NAME | |
| Personal name | R K Sawhney,Arun Sahgal and Gurmeet Kanwal |
| Relator term | Editor |
| 942 ## - ADDED ENTRY ELEMENTS (KOHA) | |
| Source of classification or shelving scheme | Dewey Decimal Classification |
| Item type | English Books |
| Classification part | 327.9581054 |
| Call number suffix | AFG |
| Withdrawn status | Lost status | Not for loan | Collection code | Home library | Current library | Date acquired | Source of acquisition | Cost, normal purchase price | Full call number | Barcode | Copy number | Cost, replacement price | Koha item type |
|---|---|---|---|---|---|---|---|---|---|---|---|---|---|
| Non-fiction | Central Jail Tihar | Central Jail Tihar | 10/04/2023 | DBAD/PUB | 780.00 | 327.9581054 AFG | EN-120182 | 1 | 780.00 | English Books |
